10 Best Selling Video Games of 1999 - Statistics

General Stats
  • This quiz has been taken 11 times
  • The average score is 4 of 10
Answer Stats
Publisher Genre Answer % Correct
Nintendo Photography Pokemon Snap
78%
Nintendo Fighting Game Super Smash Bros.
67%
Square Electronic Arts RPG Final Fantasy VIII
56%
Nintendo Party Game Mario Party
56%
Nintendo RPG Pokemon Red/Blue
44%
Nintendo Platformer Donkey Kong 64
33%
Nintendo Pinball Pokemon Pinball
33%
Nintendo Action Adventure The Legend of Zelda: Ocarina of Time
33%
GT Interactive Action Driving Driver
22%
Acclaim Entertainment Professional Wrestling WWF Attitude
22%
No matching quizzes found
Score Distribution
Percent of People with Each Score
Percentile by Number Answered
Your Score History
You have not taken this quiz